| 000 | 00639nam a22002057a 4500 | ||
|---|---|---|---|
| 999 |
_c11907 _d11907 |
||
| 003 | AR-CdUCM | ||
| 008 | 190405b ||||| |||| 00| 0 spa d | ||
| 040 |
_aMUNICIPALIDAD PROVINCIAL DEL CUSCO _cBIBLIOTECA MUNICIPAL DEL CUSCO |
||
| 082 |
_a886.6 / _bF36 / 1922 |
||
| 100 |
_aFernández Ardavín, Luis _929510 |
||
| 245 | _aLa eterna inquietud / | ||
| 260 |
_aMadrid : _bHiapania, _c1922. |
||
| 300 |
_a210 paginas ; _c19 cm. |
||
| 440 |
_aBiblioteca Hispania _929511 |
||
| 505 | _aContenido : Meditaciones y otros poemas / | ||
| 650 |
_aLiteratura _983 |
||
| 650 |
_aVersos _92209 |
||
| 942 |
_2ddc _cLIBROS |
||
| 945 |
_arjall _d2019-04-05 |
||